[Event "ICS rated bullet match"]
[Site "204.178.125.65"]
[Date "2000.03.29"]
[Round "?"]
[White "Lorcho"]
[Black "Hossa"]
[Result "0-1"]
[WhiteElo "1972"]
[BlackElo "2430"]
[PlyCount "82"]

1. e4 c5 2. Nc3 Nc6 3. g3 g6 4. Bg2 Bg7 5. d3 d6 6. Be3 e6 7. Qd2 Nge7 8. Bh6
Bxh6 9. Qxh6 Nd4 10. Qd2 O-O 11. h4 e5 12. h5 Nec6 13. hxg6 fxg6 14. Nd1 Qa5
15. c3 Nb3 16. axb3 Qxa1 17. Ne2 Rf7 18. Rh6 Be6 19. Qg5 Bxb3 20. Qd2 Bxd1 21.
Qxd1 Qxd1+ 22. Kxd1 Rxf2 23. Bh3 Kg7 24. Rh4 g5 25. Rg4 Kf6 26. Ke1 Rh2 27. Bf1
h5 28. Rf4+ exf4 29. gxf4 h4 30. Kd2 gxf4 31. d4 f3 32. e5+ dxe5 33. Ke3 fxe2
34. dxe5+ Nxe5 35. Bxe2 Rg8 36. Bh5 Rg3+ 37. Ke4 Rxb2 38. Kd5 Rd3+ 39. Ke4 Rxc3
40. Kd5 Rd2+ 41. Ke4 Rd4# 0-1

[Event "ICS rated bullet match"]
[Site "204.178.125.65"]
[Date "2000.03.29"]
[Round "?"]
[White "Hossa"]
[Black "star"]
[Result "1-0"]
[WhiteElo "2432"]
[BlackElo "2720"]
[PlyCount "167"]

1. e4 e5 2. Nf3 Nc6 3. Nc3 Nf6 4. Nxe5 Nxe5 5. d4 Ng6 6. e5 Ng8 7. Bc4 d6 8.
Qf3 Qd7 9. O-O dxe5 10. dxe5 Bc5 11. Rd1 Nxe5 12. Qg3 Bd4 13. Be3 Bxc3 14. Rxd7
Bxb2 15. Rdd1 Nxc4 16. Qxc7 Be6 17. Qxb7 Rc8 18. Rab1 Nxe3 19. fxe3 Bc3 20.
Qb5+ Kf8 21. Qa6 Be5 22. Qa5 Bf6 23. Qxa7 Ne7 24. Rb7 Nc6 25. Qa6 Nd8 26. Qd6+
Ke8 27. Rd7 Ra8 28. Rc7 Rxa2 29. Rf1 Bg5 30. Qe5 h6 31. Rcxf7 Ra5 32. Qxa5 Nxf7
33. Qa7 Rf8 34. e4 Bf6 35. Rd1 Ne5 36. Rd6 Bc4 37. Rd2 Be6 38. Qb7 Bc4 39. Rd1
g5 40. Qc7 Be6 41. Rd6 Bc4 42. Rxf6 Rxf6 43. Qxe5+ Re6 44. Qc7 Be2 45. e5 Bg4
46. c4 Bf5 47. c5 Be4 48. g4 Bf3 49. h3 Bd5 50. Kf2 Be4 51. Qb8+ Kf7 52. Qh8
Ke7 53. Qg7+ Ke8 54. Qc7 Rc6 55. Qb8+ Kd7 56. Qb4 Bh1 57. Qb1 Rxc5 58. Qxh1
Rxe5 59. Qb7+ Kd6 60. Qb6+ Kd5 61. Qxh6 Kc4 62. Qc6+ Kd4 63. Qd6+ Rd5 64. Qxd5+
Kxd5 65. Kg3 Ke5 66. h4 Kf6 67. h5 Ke5 68. Kf3 Kf6 69. Ke4 Ke6 70. Kd4 Kf6 71.
Kd5 Kg7 72. Ke5 Kf7 73. Kf5 Kg8 74. Kxg5 Kh7 75. h6 Kg8 76. Kf6 Kh8 77. g5 Kg8
78. g6 Kh8 79. g7+ Kg8 80. h7+ Kxh7 81. Kf7 Kh6 82. g8=Q Kh5 83. Qg3 Kh6 84.
Qh4# 1-0

[Event "ICS rated bullet match"]
[Site "204.178.125.65"]
[Date "2000.03.29"]
[Round "?"]
[White "Freyser"]
[Black "Hossa"]
[Result "0-1"]
[WhiteElo "1685"]
[BlackElo "2459"]
[PlyCount "74"]

1. e4 e5 2. Nf3 Nc6 3. d3 Nf6 4. Nc3 Bb4 5. Bg5 d6 6. Bxf6 gxf6 7. Be2 f5 8.
Qd2 fxe4 9. dxe4 Rg8 10. a3 Bxc3 11. Qxc3 Rxg2 12. O-O-O Qf6 13. Bb5 Bd7 14.
Bxc6 Bxc6 15. Nd2 Qxf2 16. Rhf1 Qe2 17. Qh3 Rxh2 18. Qf5 Qh5 19. Nc4 Qxf5 20.
exf5 h5 21. Ne3 Kd7 22. f6 Rg8 23. Nf5 Be4 24. Ng7 Rxc2+ 25. Kb1 h4 26. Ka1 Rg2
27. Rfe1 Bc2 28. Rc1 h3 29. Rh1 h2 30. Nh5 Rg1 31. Rxh2 Rxc1+ 32. Ka2 d5 33.
Rxc2 Rxc2 34. Kb3 Rgg2 35. Ng7 Rxb2+ 36. Kc3 c5 37. Kd3 Rg3# 0-1

[Event "ICS rated bullet match"]
[Site "204.178.125.65"]
[Date "2000.03.29"]
[Round "?"]
[White "Hossa"]
[Black "Freyser"]
[Result "1-0"]
[WhiteElo "2459"]
[BlackElo "1685"]
[PlyCount "45"]

1. e4 b6 2. d4 Bb7 3. Bd3 g6 4. Nf3 Bg7 5. Nc3 e6 6. Bf4 Ne7 7. e5 d6 8. exd6
cxd6 9. Nb5 e5 10. dxe5 dxe5 11. Nd6+ Kf8 12. Nxe5 Qxd6 13. Nxg6+ hxg6 14. Bxd6
Nbc6 15. Qf3 Ne5 16. Qxb7 Re8 17. Bb5 Bf6 18. Bxe8 Kxe8 19. Bxe7 Bxe7 20. Qb8+
Kd7 21. Qxe5 Re8 22. Qb5+ Kd8 23. O-O-O+ 1-0

[Event "ICS rated bullet match"]
[Site "204.178.125.65"]
[Date "2000.03.29"]
[Round "?"]
[White "Hossa"]
[Black "Freyser"]
[Result "1-0"]
[WhiteElo "2459"]
[BlackElo "1685"]
[PlyCount "57"]

1. e4 b6 2. d4 Bb7 3. Bd3 e6 4. Nf3 g6 5. O-O Bg7 6. Bf4 Ne7 7. c4 O-O 8. Nc3
d5 9. exd5 exd5 10. Re1 dxc4 11. Bxc4 Nbc6 12. Bg5 Re8 13. Qb3 Rf8 14. Nd5 Na5
15. Nxe7+ Qxe7 16. Bxe7 Nxb3 17. axb3 Rfe8 18. Ng5 h6 19. Bxf7+ Kh8 20. Bxe8
Rxe8 21. Rxa7 Bd5 22. Nh3 Bxd4 23. Bf6+ Bxf6 24. Rxe8+ Bg8 25. Rxc7 Bxb2 26.
Nf4 Bg7 27. Ree7 Bxb3 28. Nxg6+ Kg8 29. Rxg7# 1-0

[Event "ICS rated blitz match"]
[Site "204.178.125.65"]
[Date "2000.03.29"]
[Round "?"]
[White "Grantaba"]
[Black "Hossa"]
[Result "1-0"]
[WhiteElo "2003"]
[BlackElo "2402"]
[PlyCount "139"]

1. e4 e5 2. Nf3 Nc6 3. Bc4 Nf6 4. Ng5 d5 5. exd5 Nd4 6. c3 b5 7. Bf1 Nxd5 8.
Nxf7 Kxf7 9. cxd4 exd4 10. Bxb5 Qe7+ 11. Qe2 Qxe2+ 12. Bxe2 Nb4 13. Na3 Bf5 14.
d3 Bxd3 15. Bxd3 Nxd3+ 16. Ke2 Nxc1+ 17. Raxc1 Bxa3 18. bxa3 Rac8 19. Rc6 Rhd8
20. Kd3 Kg8 21. Rhc1 Rd7 22. R1c4 Rf7 23. f3 Re7 24. Rxd4 Re1 25. Ra4 Rd8+ 26.
Kc2 Re2+ 27. Kb3 Rd3+ 28. Rc3 Rxc3+ 29. Kxc3 Rxg2 30. Rxa7 Rxh2 31. Rxc7 Rh3
32. a4 Rxf3+ 33. Kb4 Rf2 34. Kb3 Rf5 35. Kb4 Rf4+ 36. Rc4 Rf2 37. Kb3 Rf1 38.
a5 Rf6 39. Kb4 Re6 40. Kb5 Re5+ 41. Rc5 Re8 42. a6 Rb8+ 43. Kc6 Rb2 44. Ra5
Rc2+ 45. Kb6 Rb2+ 46. Kc5 Rc2+ 47. Kd4 Rd2+ 48. Ke3 Rd8 49. a7 Ra8 50. Kd4 Kf7
51. Kc5 g5 52. Kb6 Kf6 53. Kb7 Rxa7+ 54. Kxa7 h5 55. Ra6+ Kf5 56. a4 g4 57. Rh6
Kg5 58. Rh8 g3 59. a5 Kf4 60. a6 g2 61. Rg8 Kf3 62. Kb6 Ke3 63. a7 Kd4 64. a8=Q
g1=Q 65. Rxg1 Kc3 66. Rd1 Kc2 67. Qd5 Kb2 68. Rd2+ Kc1 69. Qd3 h4 70. Qc2# 1-0

[Event "ICS rated standard match"]
[Site "204.178.125.65"]
[Date "2000.03.29"]
[Round "?"]
[White "Hossa"]
[Black "ET2000"]
[Result "0-1"]
[WhiteElo "2335"]
[BlackElo "2677"]
[PlyCount "120"]

1. e4 c5 2. Nf3 Nc6 3. Bb5 g6 4. O-O Bg7 5. c3 e5 6. d4 cxd4 7. cxd4 exd4 8.
Bf4 a6 9. Ba4 b5 10. Bb3 d6 11. a4 b4 12. Nbd2 Be6 13. Rc1 Nge7 14. Nc4 Bxc4
15. Bxc4 O-O 16. Qb3 Na5 17. Qxb4 Nxc4 18. Qxc4 d5 19. exd5 Qxd5 20. Qc7 Nf5
21. Qb6 d3 22. Rfe1 Nd4 23. Nxd4 Bxd4 24. Qb4 Rac8 25. Rxc8 Rxc8 26. Bh6 Bg7
27. Bd2 Bf8 28. Qf4 Rc2 29. b4 Qa2 30. Rd1 Qxa4 31. Qf3 Qb3 32. Qe3 Rb2 33. Rc1
Rb1 34. Be1 Qb2 35. Rxb1 Qxb1 36. Kf1 Bxb4 37. Qe8+ Bf8 38. Qd8 h5 39. Qa5 Qc2
40. g3 Kh7 41. Bd2 Bh6 42. Bxh6 Kxh6 43. Qe5 Qc4 44. Qf4+ Qxf4 45. gxf4 a5 46.
Ke1 a4 47. f5 a3 48. f3 a2 49. Kd2 gxf5 50. Kxd3 f4 51. Ke2 a1=Q 52. Kd3 Qd1+
53. Kc4 Qxf3 54. Kc5 Qe3+ 55. Kd6 f3 56. Kc6 f2 57. Kc7 f1=Q 58. Kd6 Qf6+ 59.
Kc7 Qeb6+ 60. Kd7 Qbc6# 0-1

[Event "ICS rated standard match"]
[Site "204.178.125.65"]
[Date "2000.03.29"]
[Round "?"]
[White "ET2000"]
[Black "Hossa"]
[Result "1/2-1/2"]
[WhiteElo "2681"]
[BlackElo "2331"]
[PlyCount "150"]

1. e4 c5 2. Nf3 Nc6 3. d4 cxd4 4. Nxd4 Nf6 5. Nc3 d6 6. Bg5 e6 7. Qd2 a6 8.
O-O-O h6 9. Be3 Be7 10. f4 Nxd4 11. Bxd4 b5 12. Be2 b4 13. Na4 Nxe4 14. Qe3 Nf6
15. Bf3 d5 16. Bxf6 gxf6 17. f5 Rb8 18. fxe6 fxe6 19. Bh5+ Kf8 20. Nc5 Qb6 21.
Qd3 f5 22. Nb3 Kg7 23. Qg3+ Bg5+ 24. Kb1 Rb7 25. h4 Qe3 26. Rh3 Qxg3 27. Rxg3
f4 28. Rg4 Kf6 29. g3 e5 30. hxg5+ hxg5 31. gxf4 exf4 32. Rxd5 Rg7 33. Rc5 Be6
34. a3 Bxb3 35. cxb3 Rxh5 36. Rxf4+ gxf4 37. Rxh5 Rf7 38. Kc2 f3 39. Kd2 f2 40.
Rh1 Kg5 41. Ke2 Kg4 42. Kf1 bxa3 43. bxa3 Rf3 44. b4 Kg3 45. Rh6 Rxa3 46. Rg6+
Kf4 47. Kxf2 Ra2+ 48. Ke1 Kf5 49. Rh6 Ke5 50. Rh4 Kd5 51. Rf4 Rc2 52. Rf6 Ra2
53. Rf5+ Ke4 54. Rh5 Ke3 55. Rh3+ Kf4 56. Rh8 Kg5 57. Kd1 Kf5 58. Kc1 Re2 59.
Rg8 Rh2 60. Re8 Rg2 61. Rc8 Ke4 62. Rd8 Ke5 63. Rd7 Rf2 64. Rd2 Rf4 65. Kb2 Rd4
66. Re2+ Re4 67. Rxe4+ Kxe4 68. Kc3 Ke5 69. Kc4 Ke4 70. Kc5 Kd3 71. Kd5 Kc3 72.
Kc5 Kd3 73. Kd5 Kc3 74. Kc5 Kd3 75. Kd5 Kc3 1/2-1/2

[Event "ICS rated blitz match"]
[Site "204.178.125.65"]
[Date "2000.03.29"]
[Round "?"]
[White "QueenMaxima"]
[Black "Hossa"]
[Result "1-0"]
[WhiteElo "2518"]
[BlackElo "2373"]
[PlyCount "151"]

1. e4 e5 2. Nf3 Nc6 3. Bb5 a6 4. Ba4 Nf6 5. O-O Be7 6. Re1 b5 7. Bb3 O-O 8. c3
d5 9. exd5 Nxd5 10. Nxe5 Nxe5 11. Rxe5 c6 12. d4 Bd6 13. Re1 Qh4 14. g3 Qh3 15.
Be3 Bg4 16. Qd3 Rae8 17. Nd2 Re6 18. Qf1 Qh5 19. a4 Bh3 20. Bd1 Qf5 21. Qe2 Bf4
22. Qf3 Rfe8 23. Nf1 Bxf1 24. Kxf1 Qh3+ 25. Qg2 Qxg2+ 26. Kxg2 Bxe3 27. axb5
axb5 28. fxe3 Nxe3+ 29. Kg1 g5 30. Bh5 Kg7 31. h3 Rh6 32. Bg4 Re7 33. Bc8 f5
34. Kf2 f4 35. gxf4 gxf4 36. Kf3 Rf6 37. Ra8 h5 38. b3 Kh6 39. Ba6 Kh7 40. Rb8
Rg7 41. Rb7 Rxb7 42. Bxb7 Kh6 43. Rg1 Nd5 44. c4 bxc4 45. bxc4 Ne3 46. c5 Nd5
47. Rg8 Nb4 48. Rd8 Nc2 49. Rd6 Rxd6 50. cxd6 Nxd4+ 51. Kxf4 Kg6 52. d7 Ne6+
53. Ke5 Nd8 54. Ba8 c5 55. Kd6 Kf6 56. Bd5 h4 57. Bc4 Nb7+ 58. Kc7 Ke7 59. Bf7
Nd8 60. Bh5 Ne6+ 61. Kc8 Nd8 62. Be2 Nf7 63. Bc4 Nd6+ 64. Kc7 Nb7 65. Bd5 Nd8
66. Kc8 Kd6 67. Kxd8 Kxd5 68. Kc7 Kc4 69. Kd6 Kb4 70. d8=Q Kb5 71. Qxh4 c4 72.
Qd4 Ka4 73. Qc3 Kb5 74. Qb2+ Ka4 75. Kc5 c3 76. Qb4# 1-0

[Event "ICS rated bullet match"]
[Site "204.178.125.65"]
[Date "2000.03.29"]
[Round "?"]
[White "crecky"]
[Black "Hossa"]
[Result "0-1"]
[WhiteElo "2044"]
[BlackElo "2459"]
[PlyCount "72"]

1. e4 e5 2. Nc3 Nc6 3. Bc4 Bc5 4. Nf3 Nf6 5. d3 d6 6. Bg5 h6 7. Bh4 g5 8. Nxg5
hxg5 9. Bxg5 Rg8 10. h4 Bb4 11. Qf3 Nd4 12. Qxf6 Nxc2+ 13. Kd2 Qxf6 14. Bxf6
Nxa1 15. h5 Rxg2 16. h6 Rxf2+ 17. Kc1 Bxc3 18. bxc3 Be6 19. Bxe6 Rxf6 20. h7
Ke7 21. Bxf7 Rxf7 22. h8=Q Rxh8 23. Rxh8 Rf1+ 24. Kb2 Kd7 25. Rh7+ Kc6 26. d4
a5 27. dxe5 dxe5 28. Re7 Kd6 29. Rg7 b5 30. Rg6+ Kd7 31. Rg7+ Kc6 32. Rg6+ Kb7
33. Re6 a4 34. Rxe5 a3+ 35. Kxa3 Rb1 36. Re8 Nc2# 0-1

[Event "ICS rated blitz match"]
[Site "204.178.125.65"]
[Date "2000.03.29"]
[Round "?"]
[White "Hossa"]
[Black "star"]
[Result "0-1"]
[WhiteElo "2363"]
[BlackElo "2722"]
[PlyCount "120"]

1. Nf3 d5 2. c4 e6 3. g3 dxc4 4. Nc3 Bb4 5. e3 Bxc3 6. bxc3 Qd5 7. d4 cxd3 8.
Bxd3 Ne7 9. c4 Qc5 10. e4 O-O 11. O-O Rd8 12. a4 Nbc6 13. Kh1 Nb4 14. Ra3 Ng6
15. Bg5 Rd6 16. Be3 Qc6 17. c5 Rxd3 18. Rxd3 Nxd3 19. Qxd3 Qxa4 20. Rd1 f6 21.
Qd8+ Nf8 22. Rd4 Qc6 23. Nd2 Kf7 24. Kg1 Ng6 25. Nb3 b6 26. cxb6 cxb6 27. Nd2
b5 28. Rd6 Qb7 29. Qa5 a6 30. Bb6 Ne5 31. Qa2 Qe7 32. Rd8 Rb8 33. Ba5 Qc5 34.
Qb1 Nc6 35. Nb3 Qa3 36. Bc7 Nxd8 37. Bxb8 Nc6 38. Bc7 e5 39. Qd1 Be6 40. Nc1
Nd4 41. Nd3 Bc4 42. Bxe5 Nc6 43. Nb2 Nxe5 44. Nxc4 bxc4 45. Qh5+ Ke7 46. Qxh7
c3 47. Qxg7+ Nf7 48. e5 fxe5 49. Qg6 Qb2 50. Qxa6 c2 51. Qa7+ Ke6 52. Qa6+ Nd6
53. Qc6 c1=Q+ 54. Qxc1 Qxc1+ 55. Kg2 Ne4 56. f4 Kf5 57. fxe5 Qd2+ 58. Kh1 Qf2
59. g4+ Kxe5 60. h4 Ng3# 0-1

[Event "ICS rated blitz match"]
[Site "204.178.125.65"]
[Date "2000.03.29"]
[Round "?"]
[White "SamC"]
[Black "Hossa"]
[Result "0-1"]
[WhiteElo "2408"]
[BlackElo "2359"]
[PlyCount "50"]

1. Nf3 c6 2. g3 d5 3. Bg2 e6 4. O-O Nf6 5. d4 c5 6. c3 Nc6 7. Bg5 h6 8. Bxf6
gxf6 9. Nbd2 cxd4 10. cxd4 e5 11. e4 dxe4 12. Nxe4 f5 13. Nc5 e4 14. Nh4 Qxd4
15. Qxd4 Nxd4 16. Nb3 Nxb3 17. axb3 Be7 18. Bh3 Bxh4 19. gxh4 Rg8+ 20. Kh1 Ke7
21. Rg1 Rxg1+ 22. Kxg1 Be6 23. b4 Rg8+ 24. Kf1 Bc4+ 25. Ke1 Rg1+ 0-1

[Event "ICS rated bullet match"]
[Site "204.178.125.65"]
[Date "2000.03.29"]
[Round "?"]
[White "Hossa"]
[Black "star"]
[Result "0-1"]
[WhiteElo "2462"]
[BlackElo "2628"]
[PlyCount "100"]

1. d4 d5 2. c4 e6 3. Nc3 Nf6 4. Bg5 c6 5. Nf3 dxc4 6. e4 b5 7. e5 h6 8. Bh4 g5
9. Nxg5 hxg5 10. Bxg5 Nbd7 11. exf6 Bb7 12. h4 Nxf6 13. Qf3 Be7 14. O-O-O Nd5
15. Bxe7 Qxe7 16. Ne4 O-O-O 17. Nc5 Rh6 18. g4 Rdh8 19. h5 f5 20. gxf5 Qg5+ 21.
Rd2 Qxf5 22. Qa3 Rxh5 23. Qxa7 Qf7 24. Rxh5 Rxh5 25. Bg2 Nb4 26. Be4 Rg5 27.
Bc2 Rg2 28. Bd1 Nd3+ 29. Nxd3 cxd3 30. Qc5 Rxf2 31. Rxd3 Qf4+ 32. Kb1 Qe4 33.
Qc3 b4 34. Qc4 Rd2 35. Qxe6+ Qxe6 36. Rxd2 Ba6 37. a4 bxa3 38. bxa3 Qe3 39. Rb2
Qxa3 40. Bc2 Qe3 41. Bf5+ Kc7 42. Ka1 Bc4 43. Rc2 Qxd4+ 44. Kb1 Bd5 45. Rc1 Qf2
46. Bc2 Qb6+ 47. Ka1 Qd4+ 48. Kb1 Qb4+ 49. Ka1 Qa3+ 50. Kb1 Qa2# 0-1

[Event "ICS rated bullet match"]
[Site "204.178.125.65"]
[Date "2000.03.29"]
[Round "?"]
[White "star"]
[Black "Hossa"]
[Result "1-0"]
[WhiteElo "2637"]
[BlackElo "2453"]
[PlyCount "79"]

1. d4 Nf6 2. c4 e6 3. Nc3 Bb4 4. e3 O-O 5. Bd3 d5 6. Nf3 dxc4 7. Bxc4 c5 8. O-O
cxd4 9. exd4 Nbd7 10. Qe2 Nb6 11. Bd3 Nbd5 12. Bd2 Bd7 13. Nxd5 Nxd5 14. Ng5
Bxd2 15. Qxd2 g6 16. Rac1 Rc8 17. Rxc8 Bxc8 18. Bc4 Ne7 19. f4 Nf5 20. Rd1 Bd7
21. b3 Nd6 22. d5 Nxc4 23. bxc4 Ba4 24. Rb1 b6 25. d6 Qc8 26. Qd4 f6 27. Ne4
Bc2 28. Nxf6+ Rxf6 29. Rc1 Rf5 30. d7 Qd8 31. Rxc2 g5 32. fxg5 Rxg5 33. Qd6 Rg6
34. Rf2 Rg7 35. Qxe6+ Kh8 36. Qe8+ Rg8 37. Qe5+ Rg7 38. Rf7 Qg8 39. d8=Q Qxd8
40. Qxg7# 1-0

[Event "ICS rated bullet match"]
[Site "204.178.125.65"]
[Date "2000.03.29"]
[Round "?"]
[White "Hossa"]
[Black "star"]
[Result "0-1"]
[WhiteElo "2445"]
[BlackElo "2645"]
[PlyCount "134"]

1. Nf3 d5 2. c4 c6 3. b3 Nf6 4. g3 Bf5 5. Bg2 e6 6. O-O Be7 7. cxd5 Nxd5 8. Nc3
Bf6 9. Ba3 Qa5 10. Bb2 Nxc3 11. Bxc3 Bxc3 12. dxc3 Qxc3 13. Qd6 Nd7 14. Nd4 Qa5
15. Nxf5 exf5 16. Rfd1 O-O-O 17. Rd5 Qc3 18. Rdd1 Qc5 19. Qf4 f6 20. Rac1 Qe5
21. Qb4 Nb6 22. e3 Kc7 23. a4 Rxd1+ 24. Rxd1 Nd7 25. a5 Nc5 26. Qc4 Re8 27. a6
Nxa6 28. Bxc6 bxc6 29. Qxa6 Ra8 30. Qc4 Rf8 31. Qa6 Qc5 32. Kg2 Rd8 33. Rxd8
Kxd8 34. Qb7 g5 35. Qb8+ Kd7 36. Qb7+ Kd6 37. Qb8+ Ke7 38. Qc7+ Kf8 39. Qxh7
Qd5+ 40. Kf1 Qxb3 41. Qxa7 Qd3+ 42. Kg2 Qd5+ 43. Kf1 Qh1+ 44. Ke2 Qc1 45. Qd7
Qc2+ 46. Kf3 g4+ 47. Kg2 Qe4+ 48. Kf1 Kg8 49. Kg1 Qc2 50. Kg2 c5 51. h4 gxh3+
52. Kxh3 Qe4 53. Kh2 c4 54. Qc7 Qd5 55. Qe7 Qe5 56. Qb7 c3 57. Kg1 Kf8 58. Kf1
Qc5 59. Ke1 c2 60. Qb8+ Kg7 61. Qb7+ Kg6 62. Kf1 c1=Q+ 63. Kg2 Q5c4 64. Kh2 Qe2
65. Qe4 fxe4 66. Kg2 Qcf1+ 67. Kh2 Qexf2# 0-1

[Event "ICS rated blitz match"]
[Site "204.178.125.65"]
[Date "2000.03.29"]
[Round "?"]
[White "star"]
[Black "Hossa"]
[Result "1-0"]
[WhiteElo "2726"]
[BlackElo "2377"]
[PlyCount "97"]

1. e4 c5 2. Nf3 d6 3. d4 cxd4 4. Nxd4 Nf6 5. Nc3 a6 6. Be2 e5 7. Nb3 Be7 8. O-O
O-O 9. Be3 Be6 10. Qd2 Nbd7 11. a4 Rc8 12. a5 Qc7 13. Rfd1 Qc6 14. Bf3 Rfe8 15.
Qe1 h6 16. Qe2 Bc4 17. Qd2 Bxb3 18. cxb3 Nc5 19. Qc2 Ncd7 20. Rdc1 Nc5 21. b4
Ne6 22. Qd2 Qd7 23. Bd1 Nd8 24. Ba4 Nc6 25. f3 Bd8 26. b5 axb5 27. Bxb5 Ra8 28.
Nd5 Kh8 29. a6 Be7 30. Ra3 Rac8 31. Nb6 Qc7 32. Nxc8 Rxc8 33. axb7 Qxb7 34. Ba6
Qa8 35. Bxc8 Qxc8 36. Rac3 Qd7 37. Rxc6 Ne8 38. Ra6 Bh4 39. Bxh6 f5 40. Bg5
Bxg5 41. Qxg5 Kg8 42. Ra8 Kf7 43. exf5 Kf8 44. Qh5 Qb5 45. Rc7 Qc5+ 46. Rxc5 g6
47. Qh8+ Ke7 48. Rc7+ Nxc7 49. Qg7# 1-0

[Event "ICS rated blitz match"]
[Site "204.178.125.65"]
[Date "2000.03.29"]
[Round "?"]
[White "Hossa"]
[Black "Grantaba"]
[Result "1-0"]
[WhiteElo "2373"]
[BlackElo "1977"]
[PlyCount "99"]

1. e4 g6 2. d4 Bg7 3. Nc3 f6 4. d5 Nh6 5. Nf3 Nf7 6. Be3 b6 7. Bc4 Bb7 8. O-O
a6 9. Bd3 c6 10. Na4 c5 11. c4 d6 12. Nc3 Nd7 13. Bc2 Qc7 14. Re1 Rb8 15. Nd2
Ba8 16. Qg4 b5 17. cxb5 axb5 18. a4 b4 19. Nb5 Qd8 20. Qe2 Bb7 21. a5 Ba6 22.
Nxd6+ exd6 23. Qxa6 O-O 24. Qe2 Nfe5 25. a6 Ra8 26. f4 Nf7 27. Nc4 Qc7 28. Bb3
Ra7 29. Na5 Nb6 30. Nc6 Raa8 31. Qc2 Rae8 32. Nxb4 Qa7 33. Nc6 Qa8 34. a7 Nd8
35. Ra6 Nxc6 36. dxc6+ Kh8 37. Rxb6 Qxa7 38. Rb7 Qa6 39. Bd5 f5 40. e5 dxe5 41.
fxe5 Bxe5 42. Bxc5 Qa5 43. b4 Qd8 44. Rxe5 Rxe5 45. Bxf8 Qxd5 46. Bg7+ Kg8 47.
Bxe5 Qxe5 48. Qa2+ Kh8 49. Qa8+ Qe8 50. Qxe8# 1-0

[Event "ICS rated blitz match"]
[Site "204.178.125.65"]
[Date "2000.03.29"]
[Round "?"]
[White "Foxtail"]
[Black "Hossa"]
[Result "0-1"]
[WhiteElo "2164"]
[BlackElo "2376"]
[PlyCount "98"]

1. d4 d5 2. c4 e6 3. Nc3 Nf6 4. Bg5 Be7 5. e3 O-O 6. Nf3 h6 7. Bh4 Ne4 8. Bxe7
Qxe7 9. cxd5 Nxc3 10. bxc3 exd5 11. Qb3 Rd8 12. Bd3 c5 13. Bb1 b6 14. O-O Ba6
15. Qc2 g6 16. Re1 Nc6 17. e4 Qf8 18. e5 cxd4 19. cxd4 Rac8 20. Qa4 Bc4 21. e6
Re8 22. a3 Rxe6 23. Rxe6 fxe6 24. Bxg6 Qg7 25. Bh5 Nxd4 26. Nxd4 Qxd4 27. Re1
Rf8 28. Bf3 Qg7 29. Qd1 Rf4 30. g3 Rd4 31. Qa1 Rd3 32. Qxg7+ Kxg7 33. Be2 Rxa3
34. Bxc4 dxc4 35. Rxe6 b5 36. Rc6 a6 37. Kg2 a5 38. h4 Rd3 39. h5 Rd7 40. Rg6+
Kh7 41. Rb6 b4 42. Rc6 c3 43. Rc5 a4 44. g4 b3 45. Rxc3 b2 46. Rc6 b1=Q 47. Kg3
Qg1+ 48. Kh3 Rd3+ 49. Kh4 Qxf2# 0-1

[Event "ICS rated blitz match"]
[Site "204.178.125.65"]
[Date "2000.03.29"]
[Round "?"]
[White "Hossa"]
[Black "Foxtail"]
[Result "1-0"]
[WhiteElo "2383"]
[BlackElo "2157"]
[PlyCount "55"]

1. e4 e5 2. Nf3 Nf6 3. Nxe5 d6 4. Nf3 Nxe4 5. d4 d5 6. Bd3 Nc6 7. O-O Be7 8. c4
Nb4 9. Be2 O-O 10. Nc3 Be6 11. Be3 Bf5 12. Ne5 Bf6 13. Nxd5 Nxd5 14. cxd5 Qxd5
15. Bc4 Qa5 16. b4 Qxb4 17. Bxf7+ Rxf7 18. Nxf7 Kxf7 19. Qh5+ Bg6 20. Qd5+ Kf8
21. Rab1 Qd6 22. Qxb7 Re8 23. Rbc1 Re7 24. Qxa7 Ng5 25. Qb8+ Kf7 26. Qb3+ Kf8
27. d5 Be5 28. f4 1-0

[Event "ICS rated blitz match"]
[Site "204.178.125.65"]
[Date "2000.03.29"]
[Round "?"]
[White "Hossa"]
[Black "sekere"]
[Result "1-0"]
[WhiteElo "2390"]
[BlackElo "2167"]
[PlyCount "40"]

1. e4 e5 2. Nf3 d6 3. d4 Nf6 4. Nc3 Nbd7 5. Bc4 Be7 6. O-O O-O 7. Qe2 c6 8. a4
Qc7 9. h3 h6 10. Rd1 Re8 11. dxe5 Nxe5 12. Nxe5 dxe5 13. Rd3 Be6 14. Bxe6 fxe6
15. Rg3 Kh7 16. Qc4 Bf8 17. Be3 b6 18. Rd1 Rad8 19. Rxd8 Rxd8 20. Qxe6 Qd7 1-0

[Event "ICS rated bullet match"]
[Site "204.178.125.65"]
[Date "2000.03.29"]
[Round "?"]
[White "star"]
[Black "Hossa"]
[Result "1-0"]
[WhiteElo "2666"]
[BlackElo "2437"]
[PlyCount "119"]

1. e4 c5 2. Nf3 d6 3. d4 cxd4 4. Nxd4 Nf6 5. Nc3 a6 6. Be2 e5 7. Nb3 Be7 8. O-O
O-O 9. Be3 Be6 10. Qd2 Nbd7 11. a4 Rc8 12. a5 Qc7 13. Rfd1 Qc6 14. Bf3 Rfe8 15.
Qe1 h6 16. Qe2 Bc4 17. Qe1 Be6 18. Qd2 Bxb3 19. cxb3 Nc5 20. Qc2 Qc7 21. b4
Ncd7 22. Rd2 d5 23. exd5 Bxb4 24. d6 Bxd6 25. Bxb7 Qxb7 26. Rxd6 Red8 27. Rad1
Ne8 28. R6d2 Nef6 29. Qa4 Rc6 30. Nd5 Nxd5 31. Rxd5 Kh7 32. Qh4 Qc8 33. Qh3 Rc7
34. Qf5+ Kg8 35. Bb6 Nf8 36. Qxc8 Rdxc8 37. Bxc7 Rxc7 38. Rxe5 Ne6 39. g3 g5
40. Rd6 Ra7 41. b4 Kg7 42. b5 axb5 43. Rxb5 h5 44. a6 Kf6 45. Rb7 Ra8 46. a7
Kf5 47. Rxf7+ Ke5 48. Rb6 Nd4 49. Rb8 Rxa7 50. Rxa7 Nf3+ 51. Kg2 Ne1+ 52. Kh1
Nf3 53. Ra5+ Kd6 54. Rb3 g4 55. Rxh5 Kd7 56. h3 Ke7 57. Rb6 Kd8 58. Rh7 Kc8 59.
Rf6 gxh3 60. Rf8# 1-0

[Event "ICS rated bullet match"]
[Site "204.178.125.65"]
[Date "2000.03.29"]
[Round "?"]
[White "Hossa"]
[Black "star"]
[Result "0-1"]
[WhiteElo "2430"]
[BlackElo "2673"]
[PlyCount "154"]

1. e4 e5 2. Nf3 Nc6 3. Bb5 a6 4. Ba4 Nf6 5. O-O Be7 6. Re1 b5 7. Bb3 O-O 8. c3
d6 9. h3 Na5 10. Bc2 c5 11. d4 Qc7 12. Nbd2 cxd4 13. cxd4 Bd7 14. Nb3 Nc4 15.
Nbd2 Nb6 16. Re3 Rac8 17. Rc3 Qb8 18. Rb1 Rxc3 19. bxc3 Qc7 20. Ba3 Re8 21. Bb4
exd4 22. cxd4 Nc4 23. Nxc4 bxc4 24. d5 Bd8 25. Qd4 Nh5 26. Qd2 a5 27. Bc3 h6
28. Nd4 Qc5 29. Qd1 Bf6 30. Rb7 Rd8 31. Qxh5 Bxd4 32. Qh4 f6 33. Qg3 Bxc3 34.
Qxc3 Bc8 35. Rb8 f5 36. exf5 Re8 37. f6 Rf8 38. Ba4 Rxf6 39. Qe3 Qc7 40. Rb6
Bd7 41. Bxd7 Qxd7 42. Qe4 Qa7 43. Rb2 c3 44. Rc2 Qc5 45. Qe8+ Rf8 46. Qe4 Rb8
47. Kh2 Rb7 48. Qe8+ Kh7 49. a4 Rb4 50. Qd7 Rf4 51. Kg3 Qd4 52. Qc8 Qd3+ 53. f3
Rc4 54. Qa6 Rg4+ 55. Kxg4 Qxa6 56. Rxc3 Qe2 57. h4 Qxg2+ 58. Kf4 Qh2+ 59. Ke4
Qxh4+ 60. f4 Qe1+ 61. Re3 Qb4+ 62. Kf3 Qxa4 63. Rd3 Kg6 64. Ke3 Kf5 65. Rd4
Qxd4+ 66. Kxd4 Kxf4 67. Kc4 g5 68. Kd3 g4 69. Ke2 g3 70. Kf1 a4 71. Kg2 a3 72.
Kf1 a2 73. Ke1 a1=Q+ 74. Kd2 g2 75. Kc2 g1=Q 76. Kb3 Qgd4 77. Kc2 Qad1# 0-1

[Event "ICS rated blitz match"]
[Site "204.178.125.65"]
[Date "2000.03.29"]
[Round "?"]
[White "TheProcess"]
[Black "Hossa"]
[Result "0-1"]
[WhiteElo "2258"]
[BlackElo "2397"]
[PlyCount "67"]

1. c4 e5 2. Nc3 Nf6 3. e4 Bc5 4. g3 Nc6 5. Bg2 d6 6. h3 O-O 7. Nge2 Be6 8. d3
Re8 9. O-O Rf8 10. Kh2 Nd4 11. f4 c6 12. f5 Nxe2 13. Nxe2 Bc8 14. g4 Re8 15.
Ng3 Nd7 16. a3 a5 17. Rb1 b5 18. b4 axb4 19. axb4 Bd4 20. g5 Ba6 21. cxb5 Bxb5
22. Rf3 Ra2 23. Ne2 Ba4 24. Qe1 Bc2 25. Be3 Bxb1 26. Bxd4 exd4 27. Nf4 Bc2 28.
Qh4 Ne5 29. Rg3 Qb6 30. f6 Bd1 31. fxg7 Nf3+ 32. Rxf3 Bxf3 33. Qh6 Qxb4 34. Kg3
0-1

[Event "ICS rated blitz match"]
[Site "204.178.125.65"]
[Date "2000.03.29"]
[Round "?"]
[White "QueenMaxima"]
[Black "Hossa"]
[Result "1-0"]
[WhiteElo "2556"]
[BlackElo "2407"]
[PlyCount "127"]

1. e4 e5 2. Nf3 Nc6 3. Bb5 a6 4. Ba4 Nf6 5. O-O Be7 6. Re1 b5 7. Bb3 O-O 8. c3
d5 9. exd5 Nxd5 10. Nxe5 Nxe5 11. Rxe5 c6 12. d4 Bd6 13. Re1 Qh4 14. g3 Qh3 15.
Be3 Bg4 16. Qd3 Rae8 17. Nd2 Re6 18. a4 Qh5 19. axb5 axb5 20. Qf1 Rfe8 21. Bxd5
Qxd5 22. Qg2 Qh5 23. Qxc6 Bxg3 24. Qg2 Bf4 25. Kh1 Bh3 26. Qf3 Qh4 27. Ne4 Rg6
28. Bxf4 Bg2+ 29. Qxg2 Rxg2 30. Bg3 Qh3 31. Ng5 Rxh2+ 32. Bxh2 Qd7 33. Rxe8+
Qxe8 34. f3 f5 35. Nh3 Qe3 36. Ra8+ Kf7 37. Ra7+ Kg6 38. Ng1 Qd2 39. Be5 Qxb2
40. d5 Qd2 41. Rxg7+ Kh6 42. d6 Qf2 43. Bf6 Qb6 44. d7 Qd6 45. d8=Q Qxd8 46.
Rxh7+ Kxh7 47. Bxd8 Kg7 48. Ne2 Kf7 49. Nd4 Ke8 50. Bg5 Kd7 51. Nxb5 Kc6 52.
Nd4+ Kc5 53. Nxf5 Kd5 54. Ne3+ Ke6 55. f4 Kd6 56. f5 Ke5 57. c4 Kd4 58. f6 Ke4
59. f7 Kd3 60. f8=Q Kd4 61. Qa3 Ke4 62. Qd6 Kf3 63. Kg1 Ke4 64. Qd5# 1-0